LEADER 01366nam a2200289 i 4500 001 000000159198 003 CaOOAMICUS 005 20070220000000.0 008 070220s1982 it u000 u ita u 013 $a136561 040 $aSeMil$bita 100 1 $aSallustius Crispus, Gaius,$d<86-ca. 34 aC.>.$0(OLS)http://semarc/name/11692 245 13$aLa Guerra contro Giugurta /$cSallustio ; Traduzione di Enrico Meroni ; Introduzione, note, appendici, indici, bibliografia a cura di Nicola Criniti. 260 $aMilano :$bRusconi,$c1982. 300 $a248 p., [16] p. di tav. :$bill. ;$c22 cm. 490 0 $aI classici di storia. Sezione greco-romana ;$v21 500 $aContiene : Appendici ; Bibliografia. - Fondo Card. Giovanni Colombo. 650 4$aRoma antica - Storia - Sec. 1. a. C.$0(OLS)http://semarc/subject/8274 700 1 $aCriniti, Nicola.$0(OLS)http://semarc/name/41713 700 1 $aMeroni, Enrico.$0(OLS)http://semarc/name/41715 830 2$aI classici di storia. Sezione greco-romana ;$v21.$0(OLS)http://semarc/title/14169 850 $aSeMil 852 $aSeMil$W1$xVenegono$y1$m1O III 110$j110756$B110756$CSeMilBibl$Z2$F120403 $81 941 1 $a3 961 $aLascito: Colombo Card. Giovanni 996 $6245$aLa Guerra contro Giugurta$9(OLS)http://semarc/title/141029 996 $6260$aMilano :$bRusconi$9(OLS)http://semarc/publisher/30258 LEADER 01205nam a2200277 i 4500 001 000000085257 003 CaOOAMICUS 005 20220331145539.0 008 180830s1973 xx u000 u und u 013 $a57497 020 $a88-359- 040 $aSeMil$bita 100 1 $aMarx, Karl,$d<1818-1883>.$0(OLS)http://semarc/name/539 245 13$aIl Capitale. Critica dell'economia politica. Libro terzo: Il processo complessivo della produzione capitalistica. III. 264 1$aRoma :$bEditori Riuniti,$c1973. 300 $a446 p. 490 1 $aLe idee 650 4$aMarx, Karl <1818-1883> . Das Kapital.$0(OLS)http://semarc/subject/14038 700 1 $aBoggeri, Maria Luisa.$0(OLS)http://semarc/name/39574 830 3$aLe idee.$0(OLS)http://semarc/title/7067 850 $aSeMil 852 $aSeMil$W1$xVenegono$y1$m46 3 50 *$j49309$B49309$CSeMilBibl$Z2$F52856 $81 996 $6020$a88-359-$9(OLS)http://semarc/number/65619 996 $6245$aIl Capitale. Critica dell'economia politica. Libro terzo: Il processo complessivo della produzione capitalistica. III$9(OLS)http://semarc/title/131840 996 $6264$aRoma :$bEditori Riuniti$9(OLS)http://semarc/publisher/30240